TODOS os Vencedores do BBB - Statistics

Estatísticas Gerais
  • Esse quiz foi jogado 169 vezes
  • A pontuação média é 15 de 21
Estatísticas das Respostas
Edição Vencedor(a) % de votos % Correto
BBB 21 Juliette Freire 90,15%
99%
BBB 20 Thelma Assis 44%
93%
BBB 1 Kléber Bambam 62%
91%
BBB 19 Paula Von Sperling 61%
82%
BBB 7 Diego Alemão 91%
78%
BBB 18 Gleici Damasceno 57%
76%
BBB 4 Cida dos Santos 69%
74%
BBB 10 Marcelo Dourado 60%
70%
BBB 3 Dhomini Ferreira 51%
68%
BBB 17 Emilly Araujo 58%
68%
BBB 2 Rodrigo Caubói 65%
66%
BBB 15 Cézar Lima 65%
65%
BBB 9 Max Porto 34,85%
64%
BBB 16 Munik Nunes 61%
64%
BBB 5 Jean Wyllys 55%
63%
BBB 11 Maria Melilo 43%
61%
BBB 13 Fernanda Keulla 62,79%
59%
BBB 8 Rafinha Ribeiro 50%
59%
BBB 12 Fael Cordeiro 92%
57%
BBB 6 Mara Viana 47%
57%
BBB 14 Vanessa Mesquita 53%
55%
Nenhum quiz correspondente encontrado
Distribuição das Pontuações
Porcentagem de Pessoas com Cada Pontuação
Percentil de Números Respondidos
Sua Pontuação Histórica
Você não jogou esse quiz